Upozornenie na sumu nezdaniteľnej časti základu dane za zdaňovacie obdobie 2011
Závažné skutočnosti v zmenách pri uplatňovaní nezdaniteľnej časti základu dane za zdaňovanie obdobie 2011. Ilustračné príklady.
Salvato in:
| Autore principale: | |
|---|---|
| Altri autori: | |
| Natura: | Capitolo di libro |
| Lingua: | slovacco |
| Soggetti: | |
| Tags: |
Nessun Tag, puoi essere il primo ad aggiungerne!!
|
MARC
| LEADER | 00000naa a2200000 4500 | ||
|---|---|---|---|
| 001 | 0143700 | ||
| 005 | 20231208084721.1 | ||
| 041 | 0 | |a slo | |
| 044 | |a SK | ||
| 245 | 1 | 0 | |a Upozornenie na sumu nezdaniteľnej časti základu dane za zdaňovacie obdobie 2011 |c Božena Jurčíková, Miroslav Mečár |
| 520 | |a Závažné skutočnosti v zmenách pri uplatňovaní nezdaniteľnej časti základu dane za zdaňovanie obdobie 2011. Ilustračné príklady. | ||
| 610 | 2 | 0 | |a dane z príjmov |
| 610 | 2 | 0 | |a daňovníci |
| 610 | 2 | 0 | |a zdaňovanie |
| 610 | 2 | 0 | |a základ dane |
| 100 | 1 | |a Jurčíková, Božena | |
| 700 | 1 | |a Mečár, Miroslav | |